000 00318nam a2200121Ia 4500
008 150201s2003 xx 000 0 und d
082 _a616.0757
_bP03C
100 _aCORR,PETER
245 _aPATTERN RECOGINATION IN DIAGNOSTIC IMAGING
260 _bAITBS
_aDELHI
_c2003
650 _aRADIOLOGY & DIAGNOSIS
942 _2ddc
_cBK
999 _c868
_d868